[Event "NED-chT 0708"]
[Site "Netherlands"]
[Date "2008.05.17"]
[Round "9.1"]
[White "Werle, Jan"]
[Black "Carlsen, Magnus"]
[Result "0-1"]
[WhiteElo "2552"]
[BlackElo "2714"]
[PlyCount "78"]
[EventDate "2007.09.15"]
[EventType "team-tourn"]
[EventRounds "9"]
[EventCountry "NED"]
[SourceTitle "EXT 2013"]
[Source "ChessBase"]
[SourceDate "2012.11.22"]
[SourceVersion "1"]
[SourceVersionDate "2012.11.22"]
[SourceQuality "1"]
[WhiteTeam "Groningen Hotels"]
[BlackTeam "Hilversum HSG"]
[WhiteTeamCountry "NED"]
[BlackTeamCountry "NED"]

1. d4 Nf6 2. c4 e6 3. Nc3 Bb4 4. e3 O-O 5. Bd3 c5 6. a3 Bxc3+ 7. bxc3 b6 8. Ne2 Nc6 9. e4 Ne8 10. O-O Ba6 11. f4 f5 12. e5 d6 13. d5 exd5 14. cxd5 Bxd3 15. Qxd3 dxe5 16. fxe5 ({RR} 16. Qd2 Ne7 17. Rd1 Ng6 18. fxe5 Nxe5 19. Nf4 Rf7 20. Qe2 Ng6 21. Ne6 Qd7 22. c4 Nd6 23. Bb2 Re8 24. Qh5 Nf8 25. Ng5 Rfe7 26. Rac1 Re2 27. Bc3 R2e7 28. Rf1 h6 29. Nh3 Re4 30. Nf4 Qf7 {Carlsen,M (2693)-Aronian,L (2759) Elista 2007 0-1 (57)}) 16... Nxe5 17. Qd1 Qd7 $146 ({RR} 17... Ng6 18. Nf4 Nxf4 19. Bxf4 Nf6 20. c4 Ne4 21. a4 Qd7 22. Qd3 Rac8 23. Rfb1 {½-½ (23) Abdel Razik,K (2410)-Komarov,D (2567) Ismailia 2004}) 18. Bf4 Ng6 19. Qd3 Nf6 20. Rad1 Rae8 21. Ng3 Nxf4 22. Rxf4 g6 23. h3 Re5 24. c4 Rfe8 25. Rf3 R8e7 26. Qc3 Ne8 27. d6 R7e6 28. Rfd3 Nf6 29. Qd2 Re8 30. a4 Qxa4 31. d7 Rd8 32. Qg5 Kf7 33. Rd6 Re6 34. Kh2 Rxd7 35. Nxf5 gxf5 36. Rxd7+ Nxd7 37. Qh5+ Ke7 38. Qxh7+ Kd8 39. Qh8+ Re8 0-1